Dotácie v účtovníctve podnikateľov

Obsahové vymedzenie zúčtovacích vzťahov z dotácií a prezentácia účtovania zúčtovacích vzťahov z dotácií, spôsob ich vykazovania v účtovnej závierke podnikateľskej účtovnej jednotky účtujúcej v sústave podvojného účtovníctva podľa slovenskej právnej úpravy.

Saved in:
Bibliographic Details
Main Author: Hornická, Renáta, 1977-
Format: Book Chapter
Language:Slovak
Subjects:
Tags: Add Tag
No Tags, Be the first to tag this record!

MARC

LEADER 00000naa a2200000 4500
001 0225096
005 20240502073705.2
041 0 |a slo 
044 |a SK 
245 1 0 |a Dotácie v účtovníctve podnikateľov  |c Renáta Hornická 
520 |a Obsahové vymedzenie zúčtovacích vzťahov z dotácií a prezentácia účtovania zúčtovacích vzťahov z dotácií, spôsob ich vykazovania v účtovnej závierke podnikateľskej účtovnej jednotky účtujúcej v sústave podvojného účtovníctva podľa slovenskej právnej úpravy. 
610 2 0 |a podnikatelia 
610 2 0 |a dotácie 
610 2 0 |a vzťahy zúčtovacie 
610 2 0 |a jednotka účtovná 
610 2 0 |a závierka účtovná 
100 1 |a Hornická, Renáta, 1977-